000 00383nam a2200145 a 4500
005 20140414093848.0
008 110610s19uu xx 00 eng d
050 _aCD 425
_bAME 2009
100 _aBarrons
245 _aAmerican accent training :
_bGrammar /
_cBarrons.
260 _bBarrons Educational Series, Inc,
_c2009.
650 _aGrammar
942 _cAVM
999 _c109767
_d109767